00746nam a2200217Ia 4500003000900000008004100009020001800050040001600068080002300084111008600107245014900193260003700342300001400379490002700393650002300420650001300443650001900456650001000475700002000485700002300505IN-BaIIA211028s9999 xx 000 0 eng d a1-4020-0449-4 cIIA Library a082.2:52bIAU-S187 aInternational Astronomical Union Symposiumn187th cKyoto, Japand1997 Aug. 26-30 0aCosmic chemical evolutionbproceedings of the 187th IAU Symposium held in Kyoto, Japan, August 26-30, 1997cedited by K. Nomoto and K. W. Truran aDordrechtbKluwer Academicc2002 aix, 242p. aIAU Symposium; no. 187 aChemical Evolution aGalaxies aNuleosynthesis aStars aNomoto, K., ed. aTruran, K. W., ed.